000 00485cam a2200193 4500
001 D6591
008 090401t1982 xxu||||| |||| 00| 0 eng d
035 _a(Sirsi) u1737
041 _aeng
050 _a694.014
100 _aLea, R. Geraldine
245 _aHouse longhorn beetle survey
260 _aGarston, Watford
_bBuilding Research Establishment
_c1982
300 _a3p. ill. 30cm
350 _a0
490 _aInformation Paper
_v12/82
942 _n0
948 _c04/03/1997
999 _c85691
_d85691